书目信息 |
| 题名: |
文书档案中的历史
|
|
| 作者: | 倪玉平 主编 | |
| 分册: | ||
| 出版信息: | 北京 清华大学出版社 2024.06 |
|
| 页数: | 315页 | |
| 开本: | 24cm | |
| 丛书名: | 日新文丛 | |
| 单 册: | ||
| 中图分类: | K206.3 | |
| 科图分类: | ||
| 主题词: | 文书档案--中国--古代 | |
| 电子资源: | ||
| ISBN: | 978-7-302-66055-2 | |
| 000 | 00925nam0 2200253 450 | |
| 001 | 013019252 | |
| 005 | 20251022201524.03 | |
| 010 | @a978-7-302-66055-2@dCNY89.00 | |
| 100 | @a20240712d2024 em y0chiy0120 ea | |
| 101 | 0 | @achi |
| 102 | @aCN@b110000 | |
| 105 | @aa z 000yy | |
| 106 | @ar | |
| 200 | 1 | @a文书档案中的历史@9wen shu dang an zhong de li shi@f倪玉平主编 |
| 210 | @a北京@c清华大学出版社@d2024.06 | |
| 215 | @a315页@c图@d24cm | |
| 225 | 1 | @a日新文丛 |
| 330 | @a本书通过对文书简牍、敦煌文书、宋代徐谓礼文书、元代黑水城文书、徽州文书、贵州清水江文书、清宫档案、清华收藏的民间契约文书、浙江龙泉司法档案等内容的介绍,让读者对于文书档案的情况,如何使用文书档案及其在历史研究中的意义有更加深入的了解。 | |
| 461 | 0 | @12001 @a日新文丛 |
| 606 | 0 | @a文书档案@y中国@z古代 |
| 690 | @aK206.3@v5 | |
| 701 | 0 | @a倪玉平@9ni yu ping@4主编 |
| 801 | 0 | @aCN@c20250910 |
| 905 | @a河南城建学院图书馆@dK206.3@eN522@ZN522@f1 | |
| 文书档案中的历史/倪玉平主编.-北京:清华大学出版社,2024.06 |
| 315页:图;24cm.-(日新文丛) |
| ISBN 978-7-302-66055-2:CNY89.00 |
| 本书通过对文书简牍、敦煌文书、宋代徐谓礼文书、元代黑水城文书、徽州文书、贵州清水江文书、清宫档案、清华收藏的民间契约文书、浙江龙泉司法档案等内容的介绍,让读者对于文书档案的情况,如何使用文书档案及其在历史研究中的意义有更加深入的了解。 |
| ● |
| 相关链接 |
|
|
|
正题名:文书档案中的历史
索取号:K206.3/N522
 
预约/预借
| 序号 | 登录号 | 条形码 | 馆藏地/架位号 | 状态 | 备注 |
| 1 | 1634619 | 216346194 | 社科库309/309社科库 31排1列3层/ [索取号:K206.3/N522] | 在馆 |